Bilecik Bilecik Bilecik Bilecik Bilecik

93 Harbinden Otuz Bir Mart Olayına Gazi Ethem Paşa ve dönemi/ (Record no. 46513)

MARC details
000 -BAŞLIK
Sabit Uzunluktaki Kontrol Alanı 01197nam a22003617a 4500
001 - KONTROL NUMARASI
Control Dosyası 0046547
003 - KONTROL NUMARASI KİMLİĞİ
Kontrol Alanı KOHA_MİRAKIL
005 - EN SON İŞLEM TARİHİ ve ZAMANI
Kontrol Alanı 20260207003523.0
007 - FİZİKSEL TANIM SABİT ALAN - GENEL BİLGİ
Sabit uzunluklu kontrol alanı ta
008 - SABİT UZUNLUKTAKİ VERİ ÖGELERİ - GENEL BİLGİ
Sabit Alan 150417b2013 tu a|||gr||||#0|||0|tur |
020 ## - ISBN - ULUSLARARASI STANDART KİTAP NUMARASI
Isbn 9789751625991
Kullanılabilirlik koşulları 10,80
040 ## - KATALOGLAMA KAYNAĞI
Özgün Kataloglama Kurumu TR-BiSEU
Kataloglama Dili tur
Çeviri Kurumu TR-BiSEU
Açıklama Kuralları rda
041 0# - DİL KODU
Metin ya da ses kaydının dil kodu tur
044 ## - YAYINLAYAN/ÜRETEN KURULUŞUN ÜLKE KODU
ISO country code tu
050 ## - SINIFLAMA ve YER NUMARASI
Sınıflama Numarası DR592.5
Yer Numarası .O46 2013
100 1# - KİŞİ ADI
Yazar Adı (Kişi adı) Ölmez, Adem.
245 1# - ESER ADI BİLDİRİMİ
Başlık 93 Harbinden Otuz Bir Mart Olayına Gazi Ethem Paşa ve dönemi/
Sorumluluk Bildirimi Adem Ölmez ; Adem Ölmez.
264 #1 - ÜRERİM, YAYIN, DAĞITIM ve TELİF BİLDİRİMİ
Yayın yeri Ankara :
Yayınlayan Türk Tarih Kurumu
Yayın tarihi 2013
300 ## - FİZİKSEL TANIMLAMA
Sayfa, Cilt vb. XVI, 312 sayfa :
Diğer fiziki detaylar resimli ;
Boyutları 24 cm.
336 ## - İÇERİK TÜRÜ
Content type term metin
Content type code txt
Source rdacontent
337 ## - MEDYA TÜRÜ
Media type term aracısız
Media type code n
Source rdamedia
338 ## - TAŞIYICI TÜRÜ
Carrier type term cilt
Carrier type code nc
Source rdacarrier
490 1# - DİZİ BİLDİRİMİ
Dizi Bildirimi Atatürk Kültür, Dil ve Tarih Yüksek Kurumu.
490 1# - DİZİ BİLDİRİMİ
Dizi Bildirimi Türk Tarih Kurumu yayınları dizi ;
Cilt Numarası IV/A-2-2-2.
490 1# - DİZİ BİLDİRİMİ
Dizi Bildirimi Sayı ;
Cilt Numarası 2.
500 ## - GENEL NOT
Genel Not Kaynakça var.
650 #0 - KONU BAŞLIĞI EK GİRİŞ - KONU TERİMİ
Konusal terim veya coğrafi ad Gazi Ethem Paşa, 1844-1909--Biografi.
9 (RLIN) 85858
830 1# - SERİ EK GİRİŞİ - TEKBİÇİM ESER ADI
Tekbiçim Başlık Atatürk Kültür, Dil ve Tarih Yüksek Kurumu.
9 (RLIN) 6683
830 1# - SERİ EK GİRİŞİ - TEKBİÇİM ESER ADI
Tekbiçim Başlık Türk Tarih Kurumu yayınları dizi ;
Volume number/sequential designation IV/A-2-2-2.
9 (RLIN) 85859
830 1# - SERİ EK GİRİŞİ - TEKBİÇİM ESER ADI
Tekbiçim Başlık Sayı ;
Volume number/sequential designation 2.
9 (RLIN) 13489
907 ## - LOCAL DATA ELEMENT G, LDG (RLIN)
a Tarih
942 ## - EK GİRİŞ ÖGELERİ (KOHA)
Source of classification or shelving scheme Library of Congress Classification
Koha item type Book
Holdings
Materyal Türü Kalıcı Konum Mevcut Konum Raf Yeri Sınıflandırma Kaynağı Edinim Bilgisi Ana Konular Alt Konular Yer Numarası Demirbaş Numarası Fatura Tarihi Maliyet, Alış Fiyatı Maliyet, Yenileme Fiyatı Geri Çekilme Durumu Kayıp Durumu Hasarlı Durumu Kredi için değil Kayıt Tarih Toplam Ödünçverme Son Görülme Tarihi Son Kontrol Tarihi Genel / Bağış Notu
Book Prof. Dr. Azmi Özcan Kütüphanesi Prof. Dr. Azmi Özcan Kütüphanesi Uluğbey Salonu Library of Congress Classification Satın DÜNYA TARİHİ (AVRUPA, ASYA, AFRİKA VB.) Balkan Yarımadası DR592.5 .O46 2013 0046547 02/02/2026 10.80 10.80         12/11/2014   05/12/2024 05/12/2024  
Book Prof. Dr. Azmi Özcan Kütüphanesi Prof. Dr. Azmi Özcan Kütüphanesi Uluğbey Salonu Library of Congress Classification Bağış DÜNYA TARİHİ (AVRUPA, ASYA, AFRİKA VB.) Balkan Yarımadası DR592.5 .O46 2013 0047953 02/02/2026             17/04/2015   05/12/2024 05/12/2024 Atatürk Kültür, Dil ve Tarih Yüksek Kurumu